On This Day: June 18th Quiz Stats

 Plays Quiz Updated Jun 18, 2017

Support Sporcle.
Go Orange.
Score 0/7 Timer 03:00
1 Play Today
Question Answer Wrong Answers
The Battle of ______ results in the defeat of Napoleon Bonaparte, forcing him to abdicate the throne of France for the second and last time.
1815
Waterloo
93.3%
Austerlitz
1.2%
Trafalgar
4.4%
Leipzig
1.1%
This English singer-songwriter, who launched a solo career and formed the band ‘Wings’ after the breakup of ‘The Beatles’, is born.
1942
Paul McCartney
87.7%
John Lennon
4.5%
George Harrison
3.4%
Ringo Starr
2.5%
This women's rights activist, the first real woman to be depicted on US coinage, is fined $100 for attempting to vote in the 1872 presidential election.
1873
Susan B. Anthony
82.2%
Elizabeth Cady Stanton
7.2%
Sojourner Truth
3.7%
Clara Barton
5.6%
This astronaut becomes the first American woman in space.
1983
Sally Ride
76.4%
Amelia Earhart
2.8%
Mae C. Jemison
6.1%
Valentina Tereshkova
10.3%
The Lockheed F-117 Nighthawk, the first operational aircraft initially designed around ______ technology, makes its first flight.
1981
Stealth
70.9%
Computer
13%
Soviet
4.5%
Rocket
7.4%
This record company introduces the long-playing record album, or LP, at a public demonstration in New York City.
1948
Columbia Records
57.3%
Capitol Records
33.5%
Interscope Records
3%
Def Jam Recordings
3.4%
Backed by the CIA, Carlos Castillo Armas leads invasion forces in Honduras and El Salvador across the ______ border, setting in motion a coup d'état.
1954
Guatemala
29.9%
Belize
2.6%
Nicaragua
46.2%
Panama
17.7%

You're not logged in!

Compare scores with friends on all Sporcle quizzes.
OR
Log In
Forgot?

From the Vault

Reverse Alphabet: Holiday

by samc67

Reverse the holidays? The New Year is going to get really confusing!
Remove Ads.
Support Sporcle.
Get the best of Sporcle when you Go Orange. This ad-free experience offers more features, more stats, and more fun while also helping to support Sporcle. Thank you for becoming a member.

Show Comments

Extras

Top Quizzes Today


Score Distribution

Your Account Isn't Verified!

In order to create a playlist on Sporcle, you need to verify the email address you used during registration. Go to your Sporcle Settings to finish the process.

Report this User

Report this user for behavior that violates our Community Guidelines.

Details: